| 000 | 00537nam a22001817a 4500 | ||
|---|---|---|---|
| 005 | 20241001122316.0 | ||
| 008 | 240930b |||||||| |||| 00| 0 eng d | ||
| 020 | _a978-93-6180-261-4 | ||
| 041 | _aeng | ||
| 082 | _a615.321 | ||
| 100 |
_aPRABHU, DR. K AND KUMAR, DR. T. PURUSHOTH AND PATEL, DR.KUNAL N. _98586 |
||
| 245 | _aPHARMACOGNOSY AND PHYTOCHEMISTRY-II : B.PHARMA, 5TH SEMESTER | ||
| 250 | _a2ND. ED. 2025 | ||
| 260 |
_aLUCKNOW _bTHAKUR PUBLICATION PVT.LTD |
||
| 300 | _a199;P | ||
| 650 |
_aPHARMACY _xB.PHARMA |
||
| 942 | _cBK | ||
| 999 |
_c8717 _d8715 |
||